Solar energy output forecasting from solarGIS data for connected grid station (Record no. 6120)

MARC details
000 -LEADER
fixed length control field 00557nam a22001817a 4500
003 - CONTROL NUMBER IDENTIFIER
control field OSt
005 - DATE AND TIME OF LATEST TRANSACTION
control field 20220107122841.0
008 - FIXED-LENGTH DATA ELEMENTS--GENERAL INFORMATION
fixed length control field 180605b xxu||||| |||| 00| 0 eng d
040 ## - CATALOGING SOURCE
Transcribing agency IIITMK
100 ## - MAIN ENTRY--PERSONAL NAME
Personal name Saradindu Sengupta (91616012)
9 (RLIN) 14328
245 ## - TITLE STATEMENT
Title Solar energy output forecasting from solarGIS data for connected grid station
300 ## - PHYSICAL DESCRIPTION
Extent MSC MI 2016-2018
502 ## - DISSERTATION NOTE
Degree type MSC MI
Name of granting institution 2016-2018
Year degree granted INT
-- Dr. Asharaf S
650 ## - SUBJECT ADDED ENTRY--TOPICAL TERM
Topical term or geographic name entry element SOLARGIS DATA
9 (RLIN) 14329
650 ## - SUBJECT ADDED ENTRY--TOPICAL TERM
Topical term or geographic name entry element SOLAR OUTPUT FORECASTING
9 (RLIN) 14330
650 ## - SUBJECT ADDED ENTRY--TOPICAL TERM
Topical term or geographic name entry element MACHINE LEARNING
9 (RLIN) 14331
942 ## - ADDED ENTRY ELEMENTS (KOHA)
Source of classification or shelving scheme Dewey Decimal Classification
Koha item type
Holdings
Withdrawn status Lost status Source of classification or shelving scheme Damaged status Not for loan Collection code Home library Current library Shelving location Date acquired Total Checkouts Barcode Date last seen Price effective from Koha item type
    Dewey Decimal Classification     Non Fiction IIITM-K Kerala University of Digital Sciences, Innovation and Technology Knowledge Centre   05/06/2018   R-1414 05/06/2018 05/06/2018 Project Reports